| 000 | 00503nam a2200205Ia 4500 | ||
|---|---|---|---|
| 999 |
_c559 _d559 |
||
| 008 | 190805r20012009xxk||||g |||||||| 1|eng|| | ||
| 020 |
_a9780552161268 _c£ 7.99 |
||
| 040 |
_aKO _beng |
||
| 041 | 0 | _aeng | |
| 044 | _axxk | ||
| 082 | 0 | 4 |
_a813.54 _bB8126 _223 |
| 100 | 1 | _aBrown, Dan | |
| 245 | 1 | 4 |
_aAngels & Demons / _cDan Brown |
| 260 |
_aLondon : _bCorgi Books (Penguin), _c2001 |
||
| 300 |
_a619 p. ; _c18 cm. |
||
| 650 | 0 |
_aCryptographers _vFiction |
|
| 904 | _aS_JOY | ||
| 942 | _cBK | ||